Sociología de los años veinte / (Record no. 144678)

MARC details
000 -LEADER
campo de control de longitud fija 00635nam a2200205 4500
001 - NÚMERO DE CONTROL
campo de control 144678
003 - IDENTIFICADOR DE NÚMERO DE CONTROL
campo de control ES-MaACL
005 - FECHA Y HORA DE LA ÚLTIMA TRANSACCIÓN
campo de control 20230906201055.0
007 - CAMPO FIJO DE DESCRIPCIÓN FÍSICA--INFORMACIÓN GENERAL
campo de control de longitud fija t|
008 - DATOS DE LONGITUD FIJA--INFORMACIÓN GENERAL
campo de control de longitud fija 070214s1969 sp r ||||1| spa d
245 00 - MENCIÓN DEL TÍTULO
Título Sociología de los años veinte /
Mención de responsabilidad, etc. compilación de Leonhard Reinisch ; versión de Pedro de Olazábal.
260 ## - PUBLICACIÓN, DISTRIBUCIÓN, ETC.
Lugar de publicación, distribución, etc. Madrid :
Nombre del editor, distribuidor, etc. Taurus,
Fecha de publicación, distribución, etc. 1969.
300 ## - DESCRIPCIÓN FÍSICA
Extensión 236 p. ;
Dimensiones 21 cm.
490 1# - MENCIÓN DE SERIE
Mención de serie Ensayistas hoy ;
Designación de volumen o secuencia 57
700 1# - ENTRADA AGREGADA--NOMBRE PERSONAL
Nombre de persona Reinisch, Leonhard.
9 (RLIN) 96063
700 1# - ENTRADA AGREGADA--NOMBRE PERSONAL
Nombre de persona Olazábal, Pedro de.
9 (RLIN) 86680
830 0# - PUNTO DE ACCESO ADICIONAL DE SERIE-TÍTULO UNIFORME
Título uniforme Ensayistas hoy ;
Designación de volumen o secuencia 57
9 (RLIN) 220700
852 ## - LOCALIZACIÓN
Ubicación ES-MaACL
Número de control de estantería C-38934
Sublocalización o colección R.70742
Holdings
Estatus retirado Estado de pérdida Estado de daño No para préstamo Biblioteca de origen Biblioteca actual Ubicación en estantería Fecha de adquisición Fuente de adquisición Total de préstamos Signatura topográfica completa Código de barras Visto por última vez Precio de reemplazo Tipo de ítem Koha
        Biblioteca del Ateneo de Madrid Biblioteca del Ateneo de Madrid Depósito 2 17/01/2008     C-38934 1150848 23/02/2023 23/02/2023 Libro impreso